000 00495nam a2200193Ia 4500
005 20240823054409.0
008 240823s9999||||xx |||||||||||||| ||und||
020 _a81-239-0919-5
041 _aENGLISH
082 _A621.3825 P4
100 _aRobert M Gagliardi
245 0 _aSatellite Communication
250 _a1st
260 _c2004
_b"CBS Publishers & Distributors,New "
500 _aTRANSFERED
650 _aSatellite Communications
_bElectronics
942 _cBK
999 _c226361
_d226361